000 01566cam a2200133 4500500
005 20260405015728.0
041 _afre
042 _adc
100 1 0 _aBernard, Nadine
_eauthor
245 0 0 _aFemmes et société dans la Grèce classique
260 _bArmand Colin,
_c2003.
520 _aL'histoire des femmes suscite depuis quelques décennies l'intérêt des chercheurs et la curiosité du public. Portée par l'élan des années 1970, prolongée ensuite par des travaux plus méthodiques, c'est désormais un champ de recherche reconnu et prometteur. L'étude des femmes dans l'Antiquité classique présente des contraintes particulières : la modestie des témoignages et l'origine essentiellement masculine des sources disponibles sont des obstacles à surmonter. Cet ouvrage propose d'offrir des éclaircissements sur quelques questions majeures. Quelles sont les normes et les pratiques d'intégration des filles dans les cités  ? Quels sont les attendus et les implications concrètes d'un mariage en termes de rapports conjugaux ou de sexualité  ? Dans quels domaines les femmes exercent-elles leurs activités laborieuses  ? Comment définir leurs relations à la vie publique, politique ou religieuse ? Autant de thèmes abordés dans ce livre qui met l'accent sur les distinctions sociales et juridiques, sur les disparités régionales et s'appuie sur une bibliographie française et anglo-saxonne récente.
856 4 1 _uhttps://shs.cairn.info/femmes-et-societe-dans-la-grece-classique--9782200262549?lang=fr&redirect-ssocas=7080
999 _c2117685
_d2117685